[Event "9th Open"]
[Site "Pilsen-Lobzy CZE"]
[Date "2003.08.21"]
[Round "6"]
[White "Palek,M"]
[Black "Priborsky,I"]
[Result "1/2-1/2"]
[WhiteElo "2246"]
[BlackElo "2100"]

1.e4 c5 2.Nf3 d6 3.Bb5+ Bd7 4.Bxd7+ Qxd7 5.d4 cxd4 6.Nxd4 Nf6 7.Nc3 g6 8.f3 Nc6
9.Be3 Bg7 10.Qd2 Ne5 11.b3 Rc8 12.Nd5 Nc6 13.O-O O-O 14.c4 Nxd5 15.exd5 Nxd4
16.Bxd4 Bxd4+ 17.Qxd4 b5 18.cxb5 Qxb5 19.Rfc1 a6 20.Kf2 Rfe8 21.g4 Rc5 22.Rxc5 dxc5
23.Qc3 Rd8 24.Rd1 Qb8 25.Kg2 Qd6 26.Re1 Qxd5 27.Rxe7 Qd2+ 28.Qxd2 Rxd2+ 29.Kg3 Rxa2
30.Rc7 Rb2 31.Rxc5 Rxb3 32.Rc7 a5 33.Ra7 Rb5 34.h3 h5 35.Ra6 Kg7 36.Ra7 hxg4
37.hxg4 Rc5  1/2-1/2

[Event "X Asian Women"]
[Site "Calicut IND"]
[Date "2003.08.22"]
[Round "6"]
[White "Li Ruofan"]
[Black "Huang Qian"]
[Result "1/2-1/2"]
[WhiteElo "2433"]
[BlackElo "2313"]

1.e4 c5 2.Nf3 d6 3.Bb5+ Bd7 4.Bxd7+ Qxd7 5.c4 Nf6 6.Nc3 Nc6 7.d4 cxd4 8.Nxd4 g6
9.f3 Bg7 10.Nde2 O-O 11.O-O Rac8 12.Bg5 a6 13.a4 Qd8 14.Kh1 Re8 15.Rb1 Nb4
16.b3 Nd7 17.Qd2 Nc5 18.f4 Qd7 19.Bh4 f5 20.Ng3 e6 21.Rfd1 Qf7 22.Nge2 fxe4
23.Nxe4 Nxe4 24.Qxb4 Rc7 25.Qb6 Rd7 26.Qe3 Nf6 27.Qf3 Rf8 28.Rf1 Ne8 29.Rbd1 Bf6
30.Bxf6 Nxf6 31.Nc3 Nh5 32.Ne4 Qe7 33.Qe3 Ng7 34.Ng5 h6 35.Nf3 Kh7 36.g3 Rdd8
37.Kg2 Qc7 38.Rd3 Nf5 39.Qe2 b5 40.axb5 axb5 41.cxb5 Qb7 42.Rd2 Rfe8 43.Kg1 Qb6+
44.Kh1 Rb8 45.Rc1 Re7 46.Rc3 Qb7 47.Kg1 e5 48.fxe5 dxe5 49.Rc6 Qxb5 50.Qxb5 Rxb5
51.g4 Ng7 52.Rc3 e4 53.Re2 Rb4 54.Nd2 e3 55.Nc4 Re4 56.h3 h5 57.Rcxe3 Rf4
58.gxh5 Nxh5 59.Rf2 Rb5 60.Rxf4 Nxf4 61.Kh2 Kh6 62.Kg3 Nd5 63.Rf3 Ne7 64.Kf4 Kh5
65.Ke4 Kh4 66.Kd4 Nf5+ 67.Kc3 Rxb3+ 68.Kxb3 Nd4+ 69.Kc3 Nxf3 70.Kd3 Kxh3
71.Ke3 Kg3 72.Nd6 Ng5 73.Ne8 Nh7 74.Nd6 Nf6 75.Nf7 Ng4+ 76.Ke4 Kh4 77.Nh8 g5
78.Ng6+ Kh5 79.Nf4+ Kh6 80.Ne6 Kg6  1/2-1/2

[Event "X Asian Women"]
[Site "Calicut IND"]
[Date "2003.08.22"]
[Round "6"]
[White "Zhao Xue"]
[Black "Gu Xiaobing"]
[Result "1-0"]
[WhiteElo "2467"]
[BlackElo "2346"]

1.e4 c5 2.Nf3 d6 3.Bb5+ Nc6 4.O-O Bd7 5.Re1 Nf6 6.c3 a6 7.Bf1 Bg4 8.d4 cxd4
9.cxd4 e5 10.d5 Nd4 11.Be3 Nxf3+ 12.gxf3 Bd7 13.Nd2 Be7 14.Nc4 b5 15.Nb6 Rb8
16.Nxd7 Qxd7 17.Rc1 O-O 18.Rc6 Ra8 19.Qc2 Nh5 20.Rc7 Qd8 21.Qc6 Bg5 22.Qd7 Bxe3
23.fxe3 Qg5+ 24.Bg2 Rad8 25.Qc6 f5 26.exf5 Qxf5 27.Qc2 Qg5 28.Kh1 Qh4 29.Qd2 Rf6
30.Kg1 Qg5 31.Rf1 Rdf8 32.Qe2 e4 33.f4 Qxd5 34.Re7 Rg6 35.Kh1 Nf6 36.Bh3 Qc5
37.Qd2 Kh8 38.Be6 Qh5 39.Qd1 Qh4 40.Qe1 Qxe1 41.Rxe1 Ng8 42.Bxg8 Kxg8 43.Rc1 h5
44.Rxe4 d5 45.Rd4 Re8 46.Rc3 Rge6 47.Kg2 Rxe3 48.Kf2 Rh3 49.Kg2 Rh4 50.h3 g5
51.Kg3 Rxf4 52.Rxd5 h4+ 53.Kg2 Rc4 54.Rxg5+ Kf7 55.Kf3 Rc5 56.Rg2 Rc4 57.Rf2 Ke6
58.b3 Kd5 59.a4 a5  1-0

[Event "Independence Cup"]
[Site "Kyiv UKR"]
[Date "2003.08.22"]
[Round "10"]
[White "Iaresko,A"]
[Black "Onischuk,V"]
[Result "1-0"]
[WhiteElo "2106"]
[BlackElo "2174"]

1.e4 c5 2.Nf3 d6 3.Bb5+ Bd7 4.Bxd7+ Qxd7 5.d3 g6 6.Nc3 Bg7 7.O-O Nc6 8.Be3 Qc7
9.Qc1 Nd4 10.Bxd4 cxd4 11.Ne2 Qb6 12.Qd2 e6 13.b4 Ne7 14.a4 a6 15.a5 Qa7
16.Rfb1 O-O 17.h4 h5 18.Qg5 Nc6 19.b5 axb5 20.Rxb5 Rfc8 21.g4 hxg4 22.Qxg4 Ne5
23.Nxe5 dxe5 24.h5 gxh5 25.Qxh5 Kf8 26.Rab1 Rab8 27.R1b2 Bf6 28.Qh6+ Ke7
29.Qd2 Rc7 30.Qb4+ Kd7 31.Ng3 Ra8 32.Qa4 Kc8 33.Nh5 Be7 34.Rxe5 Rd7 35.Reb5 Qa6
36.e5 Qc6 37.Ng3 Kc7 38.Ne4 Ra6 39.Qb3 Kb8 40.Qa2 Rd5 41.Rxb7+ Qxb7 42.Rxb7+ Kxb7
43.Qb3+ Kc7 44.Qa4 Raxa5 45.Qe8 Rd7 46.Qxf7 Ra6 47.Qg8 Rd8 48.Qh7 Rd7 49.Qh6 Rc6
50.Qd2 Rd5 51.f4 Rb5 52.Kg2 Bc5 53.Qc1 Ra5 54.Kf3 Bb6 55.Qb2 Ra8 56.Nd6 Rg8
57.Nb5+ Kc8 58.Nxd4 Bxd4 59.Qxd4 Rd8 60.Qa4 Kd7 61.Ke4 Rc8 62.c4 Ke7 63.Qb4+ Kf7
64.Qe1 Ke7 65.Qh4+ Kd7 66.Qh7+ Ke8 67.f5 exf5+ 68.Kxf5 R6c7 69.Qg8+ Kd7 70.Qe6+ Kd8
71.Qd6+ Rd7 72.Qb6+ Ke8 73.d4  1-0

[Event "14th Sommerpokal"]
[Site "Recklinghausen GER"]
[Date "2003.08.22"]
[Round "5"]
[White "Rebber,C"]
[Black "Becker,P"]
[Result "1-0"]
[WhiteElo "2136"]
[BlackElo "1964"]

1.e4 c5 2.Nf3 d6 3.Bb5+ Nd7 4.O-O a6 5.Bxd7+ Bxd7 6.d4 cxd4 7.Nxd4 g6 8.Nc3 Bg7
9.Kh1 Nf6 10.f4 Qc7 11.Be3 Ng4 12.Bg1 e5 13.fxe5 dxe5 14.Nd5 Qd8 15.Nf3 Bc6
16.Bb6 Ne3 17.Bxe3  1-0

[Event "Open"]
[Site "Vienna AUT"]
[Date "2003.08.22"]
[Round "7"]
[White "Pappenheim,R"]
[Black "Bozinovic,Bob"]
[Result "1-0"]
[WhiteElo "2145"]
[BlackElo "2207"]

1.e4 c5 2.Nf3 d6 3.Bb5+ Bd7 4.Bxd7+ Qxd7 5.O-O Nc6 6.c3 Nf6 7.Re1 e5 8.d4 Be7
9.Bg5 Rd8 10.Na3 O-O 11.Nc4 Qc7 12.d5 Na5 13.Ncd2 b5 14.Nh4 Nxd5 15.exd5 Bxg5
16.Nf5 Bxd2 17.Qxd2 Nc4 18.Qe2 Qd7 19.Ng3 Nb6 20.Red1 c4 21.h4 f5 22.Rd2 Qf7
23.Qd1 Rc8 24.f4 e4 25.Nf1 Na4 26.Ne3 Nc5 27.g3 Nd3 28.a4 a6 29.axb5 axb5
30.Ra6 Qg6 31.Kh2 Ra8 32.Qa1 Rad8 33.Qa5 Qh5 34.Qc7 Qf3 35.Ra7  1-0

[Event "Open"]
[Site "Vienna AUT"]
[Date "2003.08.22"]
[Round "7"]
[White "Brandner,S"]
[Black "Lovrinovic,C"]
[Result "1-0"]
[WhiteElo "2317"]
[BlackElo "2175"]

1.e4 c5 2.Nf3 d6 3.Bb5+ Bd7 4.Bxd7+ Qxd7 5.c4 Nf6 6.Nc3 Nc6 7.d4 cxd4 8.Nxd4 Nxd4
9.Qxd4 g6 10.Nd5 Bg7 11.Bg5 Nh5 12.Qd2 e6 13.Nc3 Qc6 14.O-O O-O 15.Rac1 Bxc3
16.Rxc3 Qxe4 17.Re1 Qc6 18.Be7 Rfe8 19.Bxd6 Rad8 20.c5 f6 21.g4 Ng7 22.Qf4 f5
23.h3 Rd7 24.Rce3 fxg4 25.hxg4 Rf7 26.Qh6 Rf3 27.Be5 Re7 28.Rd1 Rxe3 29.Rd8+ Ne8
30.Qxe3 Rf7 31.Bd6 Qa4 32.Kh2 Kg7 33.Be5+ Kf8 34.Bd6+ Kg7 35.b3 Qc6 36.f4 Nxd6
37.Rxd6 Qc7 38.Qd4+ Kf8 39.Kg3 Ke7 40.Qe5 Qc8 41.b4 a6 42.c6 bxc6 43.Qc5 Kf6
44.Rxc6 Qb8 45.Qc3+ Ke7 46.Rc7+  1-0

[Event "23rd Open"]
[Site "Bratto ITA"]
[Date "2003.08.23"]
[Round "3"]
[White "Bentivegna,F"]
[Black "Drazic,S"]
[Result "0-1"]
[WhiteElo "2165"]
[BlackElo "2463"]

1.e4 c5 2.Nf3 d6 3.Bb5+ Nd7 4.d4 cxd4 5.Qxd4 a6 6.Bxd7+ Bxd7 7.O-O e6 8.c4 Qc7
9.Bf4 f6 10.e5 dxe5 11.Nxe5 Bd6 12.Nxd7 Bxf4 13.Nc5 Bxh2+ 14.Kh1 Be5 15.Qe3 Nh6
16.f4 Ng4 17.Qh3 Qxc5 18.Qxg4 Bxb2 19.Nd2 Bxa1 20.Rxa1 O-O 21.Qxe6+ Kh8 22.Re1 Qh5+
23.Kg1 Rae8  0-1

[Event "Independence Cup"]
[Site "Kyiv UKR"]
[Date "2003.08.23"]
[Round "11"]
[White "Tkachenko,D"]
[Black "Serik,M"]
[Result "1/2-1/2"]
[WhiteElo "2220"]
[BlackElo "2173"]

1.e4 c5 2.Nf3 d6 3.Bb5+ Bd7 4.Bxd7+ Qxd7 5.O-O g6 6.c3 Bg7 7.d4 cxd4 8.cxd4 Nf6
9.Nc3 O-O 10.Bg5 h6 11.Bf4 Qg4 12.Qd2 g5 13.Bg3 Nxe4 14.Nxe4 Qxe4 15.Rfe1 Qd5
16.Rxe7 Nc6 17.Rd7 Rad8 18.Rxd8 Rxd8 19.h3 Nxd4 20.Nxd4 Qxd4 21.Qa5 Rc8 22.Qf5 Rc5
23.Qd7 Be5 24.Bxe5 dxe5 25.Qxb7 Rc2 26.Qf3 e4 27.Qf5 Rxb2 28.Re1 Rxa2 29.Rxe4 Qa1+
30.Kh2 Kg7 31.f4 Qb2 32.Qe5+ Qxe5 33.fxe5 Ra6 34.h4 Kg6 35.hxg5 hxg5 36.g4 Kg7
37.Rb4 Re6 38.Ra4 a6 39.Ra5 Kf8 40.Kg3 Ke7 41.Kf3 Kd7 42.Rc5 Kd8 43.Ke4 f6
44.Kf5 Rxe5+ 45.Rxe5 fxe5 46.Kxg5 a5 47.Kh6 e4 48.g5 e3 49.g6 e2 50.g7 e1=Q
51.g8=Q+ Ke7 52.Qg5+ Ke6 53.Qg8+ Kd6 54.Qd8+ Kc5 55.Qc7+ Kb4 56.Qd6+ Kb3
57.Qd5+ Kb2 58.Qg2+ Kb1 59.Qg6+ Kb2 60.Qg2+ Kb3 61.Qd5+ Kc2 62.Qa2+  1/2-1/2

[Event "Open"]
[Site "Vienna AUT"]
[Date "2003.08.23"]
[Round "8"]
[White "Bozinovic,Bob"]
[Black "Schwarhofer,C"]
[Result "1-0"]
[WhiteElo "2207"]
[BlackElo "2015"]

1.e4 c5 2.Nf3 d6 3.Bb5+ Bd7 4.Bxd7+ Qxd7 5.O-O Nc6 6.c3 e6 7.d4 cxd4 8.cxd4 Nf6
9.Re1 d5 10.e5 Ne4 11.Nbd2 Nxd2 12.Bxd2 Be7 13.Rc1 O-O 14.Rc3 f6 15.exf6 Bxf6
16.Bg5 Rae8 17.Rce3 Qf7 18.Bxf6 gxf6 19.Nh4 e5 20.Nf5 Qd7 21.Qh5 Kh8 22.f4 Rc8
23.Rh3 Rcd8 24.fxe5 fxe5 25.Nh4 Rf6 26.Ng6+ Kg8 27.Nxe5 Nxe5 28.Rxe5 Rdf8
29.Rg3+ Kh8 30.Re1 Qb5 31.Qe5 Qxb2 32.Qxf6+  1-0

[Event "X Asian Women"]
[Site "Calicut IND"]
[Date "2003.08.24"]
[Round "8"]
[White "Ramaswamy,A"]
[Black "Gu Xiaobing"]
[Result "0-1"]
[WhiteElo "2316"]
[BlackElo "2346"]

1.e4 c5 2.Nf3 d6 3.Bb5+ Nc6 4.O-O Bd7 5.Re1 Nf6 6.c3 a6 7.Bf1 Bg4 8.d3 g6
9.Nbd2 Bg7 10.h3 Bxf3 11.Nxf3 O-O 12.Be3 b5 13.Qd2 Re8 14.Bh6 Bh8 15.d4 e6
16.Rad1 cxd4 17.Nxd4 Nxd4 18.cxd4 Rc8 19.Qb4 d5 20.e5 Ne4 21.Bd3 Nxf2 22.Kxf2 Qh4+
23.Kg1 Qxh6 24.a4 Qh4 25.axb5 axb5 26.Re2 Rb8 27.Bxb5 Re7 28.Qd6 Reb7 29.Rf2 Rxb5
30.Rxf7 Kxf7 31.Qd7+ Kg8 32.Rf1 R5b7 33.Qxe6+ Kg7 34.Qxd5 Qd8 35.Qe4 Rb4
36.Rf4 Kg8 37.Kh2 Rxd4 38.Qf3  0-1

[Event "Open"]
[Site "Porto San Giorgo ITA"]
[Date "2003.08.25"]
[Round "5"]
[White "Glek,I"]
[Black "Jones,G"]
[Result "0-1"]
[WhiteElo "2566"]
[BlackElo "2347"]

1.e4 c5 2.Nf3 d6 3.Bb5+ Bd7 4.Bxd7+ Qxd7 5.O-O Nc6 6.c3 Nf6 7.d4 Nxe4 8.d5 Ne5
9.Re1 Nf6 10.Nxe5 dxe5 11.c4 e6 12.dxe6 fxe6 13.Qe2 O-O-O 14.Nc3 Qd3 15.Qxd3 Rxd3
16.Rxe5 Kd7 17.h3 Bd6 18.Re2 Re8 19.Kf1 Kc6 20.Bd2 a6 21.Rae1 b5 22.Bg5 e5
23.Rc2 bxc4 24.Nb1 Kd5 25.Nd2 c3 26.bxc3 c4 27.f3 Re6 28.Bxf6 gxf6 29.g4 f5
30.gxf5 Rf6 31.Ke2 Bc5 32.Rb1 Rxf5 33.Rb8 Rg5 34.Rd8+ Ke6 35.Re8+ Kd7 36.Nxc4 Rd5
37.Rxe5 Rgxe5+ 38.Nxe5+ Rxe5+ 39.Kd3 Re3+ 40.Kc4 Kc6 41.Rg2 Rxf3 42.Rg8 Bb6  0-1

[Event "23rd Open"]
[Site "Bratto ITA"]
[Date "2003.08.26"]
[Round "6"]
[White "Drazic,S"]
[Black "Lalic,B"]
[Result "1/2-1/2"]
[WhiteElo "2463"]
[BlackElo "2503"]

1.e4 c5 2.Nf3 d6 3.Bb5+ Bd7 4.Bxd7+ Qxd7 5.c4 Nc6 6.O-O Nf6 7.Nc3 g6 8.d4 cxd4
9.Nxd4 Bg7 10.Nb3 O-O 11.c5  1/2-1/2

[Event "II American Continental"]
[Site "Buenos Aires ARG"]
[Date "2003.08.26"]
[Round "8"]
[White "Vescovi,G"]
[Black "Dominguez,L"]
[Result "1-0"]
[WhiteElo "2618"]
[BlackElo "2610"]

1.e4 c5 2.Nf3 d6 3.Bb5+ Bd7 4.Bxd7+ Qxd7 5.c4 Nc6 6.Nc3 g6 7.d4 cxd4 8.Nxd4 Bg7
9.Nde2 Nf6 10.f3 O-O 11.O-O a6 12.a4 e6 13.Bg5 Qc7 14.Kh1 Qa5 15.Bh4 Rfd8
16.Rb1 g5 17.Be1 Qc5 18.Rc1 h6 19.b3 Qb6 20.Bf2 Qa5 21.Nd4 Ne7 22.Nce2 Rac8
23.Be3 Qb4 24.Ng3 Ng6 25.Bd2 Qc5 26.Nde2 Qb6 27.Bc3 d5 28.Bd4 Qb4 29.exd5 Nxd5
30.cxd5 Rxc1 31.Qxc1 Bxd4 32.dxe6 fxe6 33.Qc2 Nf8 34.f4 Bg7 35.Ne4 gxf4 36.Nxf4 Rd4
37.Nd3 Qe7 38.Qe2 Rd5 39.Ng3 Qd7 40.Nf4 Rd2 41.Qf3 Qf7 42.h3 Rd7 43.Qe2 Qe7
44.Ne4 Qh4 45.Nc5 Re7 46.Nh5 Ng6 47.Nxe6 Be5 48.Qf3 Kh7 49.Qf5 Rxe6 50.Qf7+ Kh8
51.Qxe6 Qxh5 52.Qc8+ Kh7 53.Qxb7+ Bg7 54.Qxa6 Qd5 55.Qb5 Qe4 56.Qc4 Qe5 57.b4 h5
58.Qb5 Qxb5 59.axb5 Bd4 60.Rd1 Be3 61.Rd6  1-0

[Event "II American Continental"]
[Site "Buenos Aires ARG"]
[Date "2003.08.26"]
[Round "8"]
[White "Pierrot,F"]
[Black "Rodriguez,And URU"]
[Result "0-1"]
[WhiteElo "2417"]
[BlackElo "2485"]

1.e4 c5 2.Nf3 d6 3.Bb5+ Bd7 4.Bxd7+ Qxd7 5.O-O Nc6 6.b3 Nf6 7.Re1 e6 8.Bb2 Be7
9.d4 cxd4 10.Nxd4 d5 11.exd5 Nxd5 12.Nf3 Rd8 13.Nbd2 O-O 14.Nc4 Bb4 15.Nfe5 Nxe5
16.Rxe5 f6 17.Re4 Qc6 18.Qg4 e5 19.Qf3 b5 20.c3 Nxc3 21.Re3 Qxf3 22.Rxf3 Ne2+
23.Kf1 bxc4  0-1

[Event "TCh-BIH"]
[Site "Neum BIH"]
[Date "2003.08.26"]
[Round "5"]
[White "Nurkic,S"]
[Black "Ruck,R"]
[Result "1/2-1/2"]
[WhiteElo "2391"]
[BlackElo "2550"]

1.e4 c5 2.Nf3 d6 3.Bb5+ Nd7 4.O-O Nf6 5.Re1 a6 6.Bf1 b6 7.d4 cxd4 8.Nxd4 Bb7
9.Nc3 e6 10.Nb3 Be7 11.a4 O-O 12.f3 Qc7 13.Be3 Rfd8 14.Qe2 Nc5 15.Qf2 Nfd7
16.Nd4 Nf6 17.Nb3 Rac8 18.Rad1 Nfd7 19.Nd4 Nf6 20.Nb3 Nfd7 21.Nd4 Ne5 22.Rd2 Ncd7
23.Red1 Nc4 24.Bxc4 Qxc4 25.Nb3 Qc7 26.Bd4 Bc6 27.Qg3 Bf8 28.h4 b5 29.axb5 axb5
30.h5 h6 31.Be3 b4 32.Ne2 d5 33.Qxc7 Rxc7 34.exd5 Bxd5 35.Nf4 Rdc8 36.Nxd5 exd5
37.Rxd5 Nf6 38.Rd8 Kh7 39.Rxc8 Rxc8 40.g4 Rxc2 41.Rd2 Rc6  1/2-1/2

[Event "Acropolis Open"]
[Site "Athens GRE"]
[Date "2003.08.27"]
[Round "3"]
[White "Galanos,D"]
[Black "Dobrov,V"]
[Result "0-1"]
[WhiteElo "2140"]
[BlackElo "2469"]

1.e4 c5 2.Nf3 d6 3.Bb5+ Nc6 4.d4 cxd4 5.Nxd4 Bd7 6.O-O Nf6 7.Nc3 g6 8.h3 Bg7
9.Be3 O-O 10.a4 a6 11.Bxc6 bxc6 12.a5 c5 13.Nf3 Bc6 14.Qd3 Qc7 15.Nd2 Qb7
16.Ra3 Bb5 17.Nc4 Bxc4 18.Qxc4 Qb4 19.Qd3 c4 20.Qe2 Qxb2 21.Bc1 Qb4 22.f4 e6
23.Kh2 Rae8 24.Qf2 Nd7 25.Qa7 Nc5 26.Na2 Qb8 27.Qb6 Nxe4 28.Qxa6 d5 29.Raf3 Qa8
30.Qb5 Rb8 31.Qa4 Rfc8 32.Rd1 Nc5 33.Qa3 d4 34.c3 Rb3  0-1

[Event "European GP"]
[Site "Izmir TUR"]
[Date "2003.08.27"]
[Round "3"]
[White "Korkmaz,N"]
[Black "Erdogdu,M"]
[Result "1/2-1/2"]
[WhiteElo "1884"]
[BlackElo "2336"]

1.e4 c5 2.Nf3 d6 3.Bb5+ Bd7 4.Bxd7+ Qxd7 5.c4 Nc6 6.O-O g6 7.d4 cxd4 8.Nxd4 Bg7
9.Be3 Nf6 10.f3 O-O 11.Nc3 Rfc8 12.b3 Qd8 13.Qd2 Qa5 14.Rfd1 a6 15.Rac1 b5
16.cxb5 Nxd4 17.Bxd4 axb5 18.Rc2 Rc6 19.Rdc1 Rac8 20.Qd3 h5 21.a3 Bh6 22.Nd5  1/2-1/2

[Event "European GP"]
[Site "Izmir TUR"]
[Date "2003.08.28"]
[Round "4"]
[White "Dogantug,I"]
[Black "Shengelia,D"]
[Result "0-1"]
[WhiteElo "2148"]
[BlackElo "2486"]

1.e4 c5 2.Nf3 d6 3.Bb5+ Nc6 4.O-O Bd7 5.Nc3 Nf6 6.Re1 e5 7.d3 h6 8.a3 Be7
9.Nd5 Nxd5 10.exd5 Nd4 11.Bxd7+ Qxd7 12.Nxd4 cxd4 13.c4 dxc3 14.bxc3 O-O
15.Rb1 b5 16.a4 a6 17.axb5 axb5 18.Qb3 Rfc8 19.Ba3 Qf5 20.Rbd1 Ra4 21.Bb4 Rca8
22.Re3 Ra1 23.h3 R8a2 24.Rf3 Qg5 25.Kh2 e4 26.dxe4 Qe5+ 27.g3 Qxe4 28.Kg2 Bd8
29.Rxa1 Rxa1 30.c4 bxc4 31.Qc2 Bf6  0-1

[Event "Polish Extraleague"]
[Site "Lubniewice POL"]
[Date "2003.08.30"]
[Round "1"]
[White "Przewoznik,J"]
[Black "Dydyshko,V"]
[Result "1/2-1/2"]
[WhiteElo "2408"]
[BlackElo "2548"]

1.e4 c5 2.Nf3 d6 3.Bb5+ Nd7 4.d4 cxd4 5.Qxd4 e5 6.Qd3 h6 7.Be3 Nf6 8.Nc3 Be7
9.Bc4 O-O 10.O-O a6 11.a4 Nb6 12.Bb3 Be6 13.a5 Nbd7 14.Nd5 Bxd5 15.Bxd5 Nxd5
16.Qxd5 Qc7 17.Nd2 Rac8 18.Rfc1 Bg5 19.Bxg5 hxg5 20.Nf1 Nf6 21.Qd3 Qc6 22.Ne3 Qxe4
23.Qxd6 Rfd8 24.Qb6 Nd7 25.Qd6 Nc5 26.Qe7 Ne6 27.Rd1 Re8 28.Qa3 Rcd8 29.Rxd8 Rxd8
30.Qe7 Qc6 31.h3 Rd2 32.Ra3 Qd7 33.Qxd7 Rxd7 34.Kf1 f6 35.Rc3 Kf7 36.Rc8 Nd4
37.Ke1 Ke6 38.c3 Nb3 39.Nc4 Nc1 40.g3 Kf5 41.Rb8 Ke4 42.Rxb7 Rxb7 43.Nd6+ Kd5
44.Nxb7 Nd3+ 45.Kd2 Nxb2 46.Kc2 Nc4 47.Kb3 f5 48.Kb4 e4 49.Nc5 Nxa5 50.Nxa6 Nc6+
51.Kb5 Ne5 52.Nc7+ Kd6 53.Ne8+ Kd7 54.Nxg7 f4 55.gxf4 gxf4 56.Nh5 e3 57.fxe3 fxe3
58.Nf4 Kd6 59.c4 Nd7 60.h4 Ke5 61.Ne2 Kf5 62.c5  1/2-1/2

[Event "Polish Extraleague"]
[Site "Lubniewice POL"]
[Date "2003.08.30"]
[Round "1"]
[White "Sendera,J"]
[Black "Wojtaszek,R"]
[Result "0-1"]
[WhiteElo "2358"]
[BlackElo "2462"]

1.e4 c5 2.Nf3 d6 3.Bb5+ Nd7 4.d4 Nf6 5.Nc3 a6 6.Bxd7+ Nxd7 7.O-O e6 8.dxc5 Nxc5
9.Bg5 Qc7 10.Re1 f6 11.Bh4 b5 12.a3 Be7 13.Qd2 O-O 14.Rad1 Rb8 15.Bg3 Rd8
16.Re3 Na4 17.Nxa4 bxa4 18.Nd4 Qb7 19.b4 e5 20.Ne2 f5 21.exf5 Bxf5 22.c4 Rbc8
23.Rc3 Bf6 24.Qe3 a5 25.b5 Rc5 26.h3 Qc7 27.Kh2 h5 28.f3 Rc8 29.Rd5 h4 30.Bf2 Rxc4
31.b6 Rxc3 32.Nxc3 Qc6 33.Qd2 Be7 34.Ne4 Be6 35.Rxa5 d5 36.Ng5 Bf5 37.Ra7 Bf6
38.Bxh4 Rb8 39.Qb4 Rxb6 40.Ra8+ Qxa8 41.Qxb6 Qd8 42.Qe3 d4 43.Qc1 Qd5 44.Be1 Qb3
45.h4 Qc2 46.Qxc2 Bxc2 47.Bb4 d3 48.Kg1 Be7 49.Bc3 Bxa3 50.Ne4 Bc1 51.Kf2 a3
52.g4 Kf7  0-1

[Event "European GP"]
[Site "Izmir TUR"]
[Date "2003.08.31"]
[Round "6"]
[White "Klinova,M"]
[Black "Gogochuri,L"]
[Result "1-0"]
[WhiteElo "2388"]
[BlackElo "2155"]

1.e4 c5 2.Nf3 d6 3.Bb5+ Bd7 4.Bxd7+ Qxd7 5.c4 Nc6 6.Nc3 g6 7.d4 cxd4 8.Nxd4 Bg7
9.Be3 Nf6 10.f3 O-O 11.Rc1 e6 12.O-O Rfd8 13.Qd2 d5 14.exd5 exd5 15.c5 Ne8
16.Rfd1 Nc7 17.Nce2 Ne6 18.Bf2 a6 19.b4 Rac8 20.a3 Ne5 21.Qa2 Qe8 22.Nc3 Nc6
23.Nce2 Ncxd4 24.Nxd4 Nxd4 25.Rxd4 Bxd4 26.Bxd4 Rc6 27.h4 Re6 28.Qd2 Rd7
29.h5 f6 30.Qf4 gxh5 31.Kh2 Qg6 32.Rg1 Qg5 33.Qxg5+ fxg5 34.a4 Re2 35.b5 axb5
36.axb5 Rd2 37.Be5 Rc2 38.Bd6 b6 39.Rd1 Rxc5 40.Bxc5 bxc5 41.b6 d4 42.Rc1 Kf7
43.Rxc5 Ke6 44.Kg3 Rb7 45.Rxg5 h4+ 46.Kf4 Rxb6 47.Ke4 Rb3 48.Rh5 d3 49.Rh6+ Kf7
50.Ke3 Kg7 51.Rxh4 d2+ 52.Ke2 Rb2 53.Rg4+ Kf6 54.Kd1 Ra2 55.Rc4 Kf5 56.g3 Kg5
57.Rd4 h5 58.Rd5+ Kg6 59.Rxd2 Ra4 60.Ke2 h4 61.g4 Kg5 62.Kf2 Kf4 63.Kg2 Rb4
64.Rd8 Rb2+ 65.Kh3 Kxf3 66.Rf8+ Ke4 67.Kxh4 Ke5 68.Kg5 Ke6 69.Kg6 Ke7 70.Rf5 Re2
71.g5 Re1 72.Kg7 Re2 73.g6 Re1 74.Kg8 Ra1 75.g7 Ra2 76.Rf1 Ra3 77.Rh1 Rg3
78.Kh8  1-0

[Event "Acropolis Open"]
[Site "Athens GRE"]
[Date "2003.09.01"]
[Round "8"]
[White "Kapnisis,S"]
[Black "Avrukh,B"]
[Result "1/2-1/2"]
[WhiteElo "2392"]
[BlackElo "2557"]

1.e4 c5 2.Nf3 d6 3.Bb5+ Nc6 4.O-O Bd7 5.Re1 Nf6 6.c3 a6 7.Bxc6 Bxc6 8.d4 Bxe4
9.Bg5 Bd5 10.c4 Bxf3 11.Qxf3 cxd4 12.Qxb7 Qc8 13.Qf3 Rb8 14.Nd2 Qb7 15.Qf4 e5
16.Bxf6 gxf6 17.Qxf6 Rg8 18.Ne4 Rg6 19.Qf5 Qc8 20.Qf3 Be7 21.Ng3 Rf6 22.Qe2 Rg6
23.Qf3 Rf6 24.Qe2 d3  1/2-1/2

[Event "Polish Extraleague"]
[Site "Lubniewice POL"]
[Date "2003.09.01"]
[Round "3"]
[White "Barglowski,F"]
[Black "Miton,K"]
[Result "0-1"]
[WhiteElo "2318"]
[BlackElo "2546"]

1.e4 c5 2.Nf3 d6 3.Bb5+ Bd7 4.Bxd7+ Nxd7 5.c4 Ngf6 6.Nc3 e6 7.O-O Be7 8.d4 cxd4
9.Qxd4 O-O 10.Bg5 a6 11.Rfd1 Qa5 12.Qd2 Kh8 13.Rac1 Rfd8 14.Qe2 Rac8 15.h3 Kg8
16.b3 Nf8 17.e5 dxe5 18.Qxe5 Qa3 19.Rxd8 Rxd8 20.Qc7 Rd7 21.Qc8 Ne4 22.Nxe4 Bxg5
23.Rf1 Bf4 24.g3 Bc7 25.Qxb7 Bxg3 26.Qb6 Bc7 27.Qc6 Qa5 28.a4 Bb8 29.c5 Qb4
30.Ned2 Rc7 31.Qxa6 Rxc5 32.Qd3 Rd5 33.Qe4 Qc3 34.Re1 h6 35.Re3 Qc1+ 36.Re1 Qc7
37.b4 Ng6 38.Qc4 Qd7 39.Ne4 Nf4 40.Rc1 Rd1+ 41.Ne1 Ne2+  0-1

[Event "Polish Extraleague"]
[Site "Lubniewice POL"]
[Date "2003.09.01"]
[Round "3"]
[White "Sendera,J"]
[Black "Kempinski,R"]
[Result "0-1"]
[WhiteElo "2358"]
[BlackElo "2565"]

1.e4 c5 2.Nf3 d6 3.Bb5+ Nd7 4.d4 Nf6 5.Nc3 a6 6.Bxd7+ Nxd7 7.O-O cxd4 8.Qxd4 Qb6
9.Nd5 Qxd4 10.Nxd4 Rb8 11.f3 e6 12.Ne3 Ne5 13.b3 Be7 14.Rd1 O-O 15.c4 Bd7
16.Bb2 b5 17.Rac1 Rfc8 18.cxb5 axb5 19.a3 Rxc1 20.Bxc1 Rc8 21.Kf1 Nd3 22.Rxd3 Rxc1+
23.Rd1 Rc8 24.Ke2 g6 25.Kd3 f5 26.Ne2 Bf6 27.Rd2 Kf7 28.Rc2 Ra8 29.Ra2 h5
30.h3 Be5 31.Nd4 Ke7 32.Ne2 Be8 33.Nd4 Bd7 34.Ne2 Bc6 35.Nd4 fxe4+ 36.fxe4 Bxd4
37.Kxd4 Rf8 38.Nd1 Rf1 39.Nc3 h4 40.b4 g5 41.a4 bxa4 42.b5 Bd7 43.b6 Bc6
44.Nxa4 Rd1+ 45.Kc4 Rb1 46.Nb2 Bxe4 47.Kc3 Bxg2 48.Ra7+ Kf6 49.b7 Bxb7 50.Rxb7 Rh1
51.Nd3 Rxh3 52.Kd2 Rg3 53.Rb6 h3 54.Nf2 d5  0-1

[Event "Polish Extraleague"]
[Site "Lubniewice POL"]
[Date "2003.09.01"]
[Round "3"]
[White "Skrzypnik,M"]
[Black "Heberla,B"]
[Result "1/2-1/2"]
[WhiteElo "2307"]
[BlackElo "2420"]

1.e4 c5 2.Nf3 d6 3.Bb5+ Nc6 4.O-O Bg4 5.h3 Bh5 6.c3 a6 7.Bxc6+ bxc6 8.d4 cxd4
9.cxd4 e6 10.Nc3 Nf6 11.Qa4 Qd7 12.Nd2 Bg6 13.Nc4 Rb8 14.f3 Be7 15.Qxa6 O-O
16.Qa4 Qc7 17.Qa5 Qb7 18.Qa4 Ra8 19.Qd1 d5 20.exd5 exd5 21.Ne5 c5 22.Nxg6 hxg6
23.Ne2 cxd4 24.b3 Bc5 25.Kh1 Rfe8 26.Bf4 Nh5 27.Bh2 Qb5 28.Nc1 Re3 29.g4 Nf6
30.Bg1 Re6 31.Nd3 Ba7 32.a4 Qb7 33.b4 g5 34.b5 Bb6 35.Qd2 Ne4 36.fxe4 dxe4
37.Qg2 Qe7 38.Nb2 Qb4 39.Rac1 Rd8 40.Rc4 Qb3 41.Rc6 Rxc6 42.bxc6 Rc8 43.a5 Bxa5
44.Bxd4 Rxc6 45.Be5 Rc2 46.Rf2 Rxf2 47.Qxf2 Qxh3+ 48.Bh2 Qxg4 49.Nc4 Bd8
50.Qxf7+  1/2-1/2

[Event "TCh-CHN Women"]
[Site "Tianjing CHN"]
[Date "2003.09.01"]
[Round "2"]
[White "Li Ruofan"]
[Black "Gu Xiaobing"]
[Result "1/2-1/2"]
[WhiteElo "2433"]
[BlackElo "2346"]

1.e4 c5 2.Nf3 d6 3.Bb5+ Nc6 4.O-O Bd7 5.Re1 Nf6 6.c3 a6 7.Bf1 Bg4 8.d3 e6
9.Nbd2 Be7 10.h3 Bh5 11.g4 Bg6 12.Nh4 Nd7 13.Ng2 O-O 14.f4 h6 15.Nf3 d5 16.f5 Bh7
17.exd5 exd5 18.Bf4 Nf6 19.Qd2 b5 20.Ne5 Nxe5 21.Bxe5 Nd7 22.Bf4 d4 23.cxd4 cxd4
24.Be2 Nb6 25.Bf3 Ra7 26.Qf2 Nd5 27.Be5 Ne3 28.Nxe3 Bh4 29.Bg3 dxe3 30.Rxe3 Bf6
31.Be5 Bh4 32.Bg3 Bf6 33.Be5 Bh4 34.Qg2 Re7 35.Qe2 Rfe8 36.Bf4 Qd4 37.Be4 g5
38.fxg6 Bxg6 39.Rf1 Bxe4 40.dxe4 Rxe4 41.Qd3 Bf6 42.Rf3 Rxe3 43.Rxe3 Rd8
44.Qe4 Qxb2 45.Re2 Qd4+ 46.Qxd4 Bxd4+ 47.Kg2 Kg7 48.Rc2 Re8 49.Kf3 Re6 50.Rc7 b4
51.Rc4 Bc3 52.a3 a5 53.Bc7 Be1 54.Bxa5 bxa3 55.Ra4 Rf6+ 56.Ke4 Re6+ 57.Kf3 Kg6
58.Bxe1 Rxe1 59.Rxa3 Rf1+  1/2-1/2

[Event "ch-IRI"]
[Site "Mashad IRI"]
[Date "2003.09.02"]
[Round "11"]
[White "Vaghar,M"]
[Black "Soozankar,A"]
[Result "1-0"]
[WhiteElo "2130"]
[BlackElo "2111"]

1.e4 c5 2.Nf3 d6 3.Bb5+ Bd7 4.a4 Nf6 5.d3 Nc6 6.O-O e6 7.Re1 Be7 8.d4 cxd4
9.Nxd4 Nxd4 10.Qxd4 O-O 11.Nc3 a6 12.Bd3 Qc7 13.Bg5 Rac8 14.e5 dxe5 15.Qh4 Rfe8
16.Re3 e4 17.Nxe4 Nxe4 18.Bxe7 f5 19.Ba3 Bxa4 20.Rxe4 fxe4 21.Bxe4 Bxc2 22.Qxh7+ Kf7
23.Qh5+ Kg8 24.Rc1 Red8 25.Qh7+ Kf7 26.Rxc2  1-0

[Event "71st NY Masters"]
[Site "New York USA"]
[Date "2003.09.02"]
[Round "4"]
[White "Ehlvest,J"]
[Black "Shahade,G"]
[Result "0-1"]
[WhiteElo "2587"]
[BlackElo "2441"]

1.e4 c5 2.Nf3 d6 3.Bb5+ Bd7 4.Bxd7+ Qxd7 5.c4 e5 6.Nc3 g6 7.O-O Bg7 8.Ne1 Ne7
9.Nc2 O-O 10.Ne3 Nbc6 11.d3 f5 12.Ned5 Nxd5 13.Nxd5 Ne7 14.Nc3 f4 15.f3 g5
16.Rb1 h5 17.h3 Bf6 18.b4 b6 19.bxc5 dxc5 20.Nd5 Nxd5 21.exd5 Kf7 22.Bb2 Rg8
23.Re1 Rae8 24.Re4 g4 25.hxg4 hxg4 26.Qe2 Qf5 27.fxg4 Rxg4 28.Rf1 Rh8 29.Bxe5 Bxe5
30.Rxe5 Rxg2+ 31.Qxg2 Qxe5 32.Qe4 Qg5+ 33.Kf2 Qg3+ 34.Ke2 Re8  0-1

[Event "ch-ROM"]
[Site "Satu Mare ROM"]
[Date "2003.09.02"]
[Round "1.2"]
[White "Negulescu,Ad"]
[Black "Bach,A"]
[Result "1/2-1/2"]
[WhiteElo "2428"]
[BlackElo "2278"]

1.e4 c5 2.Nf3 d6 3.Bb5+ Bd7 4.Bxd7+ Qxd7 5.O-O Nc6 6.c4 g6 7.Nc3 Bg7 8.d3 e6
9.Be3 Nge7 10.d4 cxd4 11.Nxd4 O-O 12.h3 Rac8 13.Ndb5 Rfd8 14.Rc1 b6 15.b3 a6
16.Nd4 Qb7 17.Nxc6 Nxc6 18.Qe2 Rb8 19.Rfd1 Qe7 20.Na4 Qc7 21.Nc3 Ne5 22.Qd2 Qe7
23.f4 Nc6 24.Na4 Qh4 25.Qf2 Qxf2+ 26.Kxf2 b5 27.cxb5 axb5 28.Rxc6  1/2-1/2